| 000 | 00918cam a2200301 a 4500 | ||
|---|---|---|---|
| 001 | 122266 | ||
| 003 | GBCCL | ||
| 005 | 20241126110410.0 | ||
| 008 | 040308s2003 gaua b 000 0 eng d | ||
| 020 | _a1884543758 | ||
| 020 | _a9781884543753 | ||
| 035 | _a(OCoLC)ocm54618161 | ||
| 035 | _a(OCoLC)54618161 | ||
| 040 |
_aIDI _cIDI _dOCLCQ _dBAKER _dCBC _dLBB |
||
| 049 | _aLBBK | ||
| 050 | 4 |
_aBV2061.3 _b.M553 2003 |
|
| 082 | 0 | 4 |
_a266.001 _bMIL |
| 090 |
_aBV2061.3 _b.M553 2003 |
||
| 100 | 1 |
_aMiley, George. _93781 |
|
| 245 | 1 | 0 |
_aLoving the church--blessing the nations : _bPursuing the role of local churches in global mission / _cGeorge Miley. |
| 260 |
_aWaynesboro, Ga. : _bGabriel publishing, _cc2003. |
||
| 300 |
_a221 p. : _bill. ; _c22 cm. |
||
| 504 | _aIncludes bibliographical references. | ||
| 650 | 0 |
_aMissions. _9885 |
|
| 650 | 0 |
_aChurch. _9263 |
|
| 650 | 0 |
_aMissions _xTheory. _948 |
|
| 942 |
_2ddc _cBK _03 |
||
| 999 |
_c1818 _d1818 |
||